• 首页
  • 本馆介绍
  • 公告通知
  • 最新文献
  • 馆藏检索
  • 电子资源
  • 读者导购
  • 参考咨询
  • 我的图书馆
  • 登录
  • 详细信息显示
  • 放入我的书架
  • 预约/预借图书
  • 作者相关作品
  • 分类相关作品
  • 丛书相关作品
  • 出版社相关作品

书目信息

  • 表格格式
  • 工作单格式
  • 卡片格式
题名:
塌岸淤床动力过程
    
 
作者: 舒安平 著
分册:  
出版信息: 北京   科学出版社  2017.06
页数: 227页
开本: 24cm
丛书名:
单 册:
中图分类: P624.21
科图分类:
主题词: 塌岸--动力学--研究
电子资源:
ISBN: 978-7-03-045981-7
000 00917nam0 2200217 450
001 4402
005 20181011114032.63
010    @a978-7-03-045981-7@dCNY118.00
100    @a20171222d2017 em y0chiy50 ea
101 0  @achi
102    @aCN@b110000
105    @aa z 000yy
200 1  @a塌岸淤床动力过程@9ta an yu chuang dong li guo cheng@f舒安平[等]著
210    @a北京@c科学出版社@d2017.06
215    @a227页@c图,照片@d24cm
330    @a本书以黄河上游宁蒙河段为研究对象,通过采用野外调查、典型观测、实测资料分析、理论研究、概化模型实验和数学模型等研究方法,系统分析黄河上游典型塌岸河段河岸物质组成、塌岸的分类及时空分布特征,并基于河岸崩塌侵蚀强度特性,提出了塌岸风险评估模型,揭示塌岸引起河道横向演变机制、塌岸淤床动力过程及其与河床冲淤交互作用机理。
606 0  @a塌岸@x动力学@x研究
690    @aP624.21@v5
701  0 @a舒安平@9shu an ping@4著
801  0 @aCN@b91MARC@c20171222
905    @aMuseLib@dP624.21@e86
    
    塌岸淤床动力过程/舒安平[等]著.-北京:科学出版社,2017.06
    227页:图,照片;24cm
    
    
    ISBN 978-7-03-045981-7:CNY118.00
    本书以黄河上游宁蒙河段为研究对象,通过采用野外调查、典型观测、实测资料分析、理论研究、概化模型实验和数学模型等研究方法,系统分析黄河上游典型塌岸河段河岸物质组成、塌岸的分类及时空分布特征,并基于河岸崩塌侵蚀强度特性,提出了塌岸风险评估模型,揭示塌岸引起河道横向演变机制、塌岸淤床动力过程及其与河床冲淤交互作用机理。
●
相关链接 在E读中查询图书 在五车中查询图书 在当当中查询图书 在豆瓣中查询图书


正题名:塌岸淤床动力过程     索取号:P624.21/86         预约/预借

序号 登录号 条形码 馆藏地/架位号 状态 备注
1 1124951   211249512   第二样本阅览室/ [索取号:P624.21/86] 在馆    
2 1124952   211249521   资源管理系资料室/ [索取号:P624.21/86] 在馆    
3 1124953   211249530   第三借阅区/ [索取号:P624.21/86] 在馆    
唐山师范学院图书馆 欢迎您!
大连网信软件有限公司© 版权所有